000 00271nam a2200097Ia 4500
001 712639
005 20250826162831.0
008 250824s9999 xx 000 0 und d
245 0 _aTÜRK TOPLUMUNDA AYDIN SINIFIN ANATOMİSİ
_cORHAN TÜRKDOĞAN
260 _bÇİZGİ YAYINLARI
999 _c712639
_d712639